| 000 | 00863nmm a2200313 a 4500 | ||
|---|---|---|---|
| 003 | AR-BaBNM | ||
| 005 | 20251128205917.0 | ||
| 008 | 068019s1995 ||||||||||||||000 | spa|| | ||
| 020 | _a950-569-062-2 | ||
| 040 | _cAR-BaBNM | ||
| 100 | 1 | _aInchausti, Miguel Angel | |
| 245 | 1 | 0 | _aEl plenario oral en el nuevo proceso penal |
| 250 | _a1ª ed. | ||
| 260 |
_aBuenos Aires _bAbaco de Rodolfo Depalma _c1995 |
||
| 300 | 0 | _a560 p. | |
| 500 | 0 | _aApéndice de concordancias p. 525-555 | |
| 504 | _aBibliografía p. 557-560 | ||
| 650 | 4 | _aDERECHO PENAL | |
| 650 | 4 | _aJUICIO POR JURADO | |
| 650 | 4 | _aSISTEMAS JURIDICOS | |
| 650 | 4 | _aJUECES | |
| 650 | 4 | _aPROCEDIMIENTO JUDICIAL | |
| 650 | 4 | _aSENTENCIAS | |
| 650 | 4 | _aCRIMINOLOGIA | |
| 700 | 1 | _aDesimoni, Luis María | |
| 700 | 1 |
_aZaffaroni, Eugenio R. _eprologuista |
|
| 942 | _cBK | ||
| 998 | _cCarmen | ||
| 999 |
_c13263 _d13263 |
||